[Event "Elite Hotels Open 2025"]
[Site "Elite Stadshotellet, Växjö, Sweden"]
[Date "2025.02.08"]
[Round "6.11"]
[White "Ekberg, Karl"]
[Black "Nilsson, Oliver"]
[Result "1/2-1/2"]
[TimeControl "R1-4: 15 min + 5 sek, R5-8: 90 min + 30 sek"]
[WhiteElo "1965"]
[BlackElo "2125"]

1. c4 {[%clk 01:30:57]} {[%emt 00:00:02]} c5 {[%clk 01:30:32]} {[%emt
00:00:28]} 2. Nf3 {[%clk 01:31:18]} {[%emt 00:00:08]} Nf6 {[%clk 01:30:48]}
{[%emt 00:00:15]} 3. g3 {[%clk 01:31:10]} {[%emt 00:00:39]} d5 {[%clk
01:30:21]} {[%emt 00:00:57]} 4. Bg2 {[%clk 01:31:09]} {[%emt 00:00:31]} Nc6
{[%clk 01:30:34]} {[%emt 00:00:16]} 5. O-O {[%clk 01:29:18]} {[%emt 00:02:21]}
e5 {[%clk 01:28:34]} {[%emt 00:02:31]} 6. cxd5 {[%clk 01:28:03]} {[%emt
00:01:45]} Nxd5 {[%clk 01:28:55]} {[%emt 00:00:08]} 7. Nc3 {[%clk 01:27:38]}
{[%emt 00:00:55]} Nc7 {[%clk 01:29:17]} {[%emt 00:00:08]} 8. b3 {[%clk
01:27:02]} {[%emt 00:01:06]} Be7 {[%clk 01:27:09]} {[%emt 00:02:38]} 9. Bb2
{[%clk 01:27:17]} {[%emt 00:00:16]} O-O {[%clk 01:26:38]} {[%emt 00:01:01]} 10.
Rc1 {[%clk 01:23:26]} {[%emt 00:04:21]} f6 {[%clk 01:25:26]} {[%emt 00:01:41]}
11. a3 {[%clk 01:17:42]} {[%emt 00:06:14]} Be6 {[%clk 01:00:34]} {[%emt
00:25:22]} 12. d3 {[%clk 01:12:58]} {[%emt 00:05:14]} Qd7 {[%clk 01:00:26]}
{[%emt 00:00:39]} 13. Ne4 {[%clk 01:06:46]} {[%emt 00:06:42]} b6 {[%clk
01:00:38]} {[%emt 00:00:18]} 14. b4 {[%clk 01:05:02]} {[%emt 00:02:14]} cxb4
{[%clk 00:57:55]} {[%emt 00:03:12]} 15. axb4 {[%clk 01:03:10]} {[%emt
00:02:22]} Nxb4 {[%clk 00:52:00]} {[%emt 00:06:25]} 16. d4 {[%clk 01:03:09]}
{[%emt 00:00:31]} Na2 {[%clk 00:46:49]} {[%emt 00:05:41]} 17. Rc2 {[%clk
00:53:06]} {[%emt 00:10:33]} Rad8 {[%clk 00:40:28]} {[%emt 00:06:51]} 18. Qa1
{[%clk 00:44:10]} {[%emt 00:09:25]} Bd5 {[%clk 00:33:43]} {[%emt 00:07:17]} 19.
dxe5 {[%clk 00:34:16]} {[%emt 00:10:24]} Bxe4 {[%clk 00:28:21]} {[%emt
00:05:52]} 20. Qxa2+ {[%clk 00:32:50]} {[%emt 00:01:56]} Qd5 {[%clk 00:28:19]}
{[%emt 00:00:32]} 21. Qxd5+ {[%clk 00:20:36]} {[%emt 00:12:44]} Nxd5 {[%clk
00:25:28]} {[%emt 00:03:21]} 22. Rc4 {[%clk 00:21:02]} {[%emt 00:00:02]} f5
{[%clk 00:21:50]} {[%emt 00:04:09]} 23. Nd4 {[%clk 00:18:51]} {[%emt 00:02:42]}
Bxg2 {[%clk 00:13:56]} {[%emt 00:08:24]} 24. Kxg2 {[%clk 00:19:07]} {[%emt
00:00:13]} Rc8 {[%clk 00:07:38]} {[%emt 00:06:48]} 25. Rfc1 {[%clk 00:17:28]}
{[%emt 00:02:10]} Rxc4 {[%clk 00:06:39]} {[%emt 00:01:30]} 26. Rxc4 {[%clk
00:17:46]} {[%emt 00:00:11]} g6 {[%clk 00:06:36]} {[%emt 00:00:33]} 27. Kf3
{[%clk 00:11:50]} {[%emt 00:06:25]} a5 {[%clk 00:02:43]} {[%emt 00:04:23]} 28.
e4 {[%clk 00:05:50]} {[%emt 00:06:31]} Nb4 {[%clk 00:02:43]} {[%emt 00:00:30]}
29. exf5 {[%clk 00:05:46]} {[%emt 00:00:33]} Nd3 {[%clk 00:02:36]} {[%emt
00:00:37]} 30. Nc6 {[%clk 00:04:18]} {[%emt 00:01:58]} Bc5 {[%clk 00:02:56]}
{[%emt 00:00:11]} 31. Bd4 {[%clk 00:03:29]} {[%emt 00:01:19]} Bxd4 {[%clk
00:01:10]} {[%emt 00:02:16]} 32. Rxd4 {[%clk 00:03:26]} {[%emt 00:00:33]} Rxf5+
{[%clk 00:01:30]} {[%emt 00:00:09]} 33. Ke3 {[%clk 00:02:59]} {[%emt 00:00:58]}
Nxe5 {[%clk 00:00:38]} {[%emt 00:01:22]} 34. Ne7+ {[%clk 00:03:20]} {[%emt
00:00:08]} Kf7 {[%clk 00:01:01]} {[%emt 00:00:08]} 35. Nxf5 {[%clk 00:03:36]}
{[%emt 00:00:13]} gxf5 {[%clk 00:01:30]} 36. Ra4 {[%clk 00:01:57]} {[%emt
00:02:10]} b5 {[%clk 00:01:50]} {[%emt 00:00:10]} 37. Ra1 {[%clk 00:01:50]}
{[%emt 00:00:36]} Ke6 {[%clk 00:01:44]} {[%emt 00:00:37]} 38. Kd4 {[%clk
00:02:02]} {[%emt 00:00:18]} Kd6 {[%clk 00:02:10]} {[%emt 00:00:04]} 39. f4
{[%clk 00:02:00]} {[%emt 00:00:32]} Nc6+ {[%clk 00:02:35]} {[%emt 00:00:04]} 40.
Kc3 {[%clk 00:02:10]} {[%emt 00:00:20]} Kc5 {[%clk 00:03:00]} {[%emt 00:00:05]}
41. g4 {[%clk 00:02:14]} {[%emt 00:00:27]} b4+ {[%clk 00:02:59]} {[%emt
00:00:31]} 42. Kd3 {[%clk 00:01:41]} {[%emt 00:01:02]} fxg4 {[%clk 00:02:35]}
{[%emt 00:00:54]} 43. f5 {[%clk 00:01:54]} {[%emt 00:00:17]} Kd5 {[%clk
00:02:51]} {[%emt 00:00:15]} 44. f6 {[%clk 00:02:04]} {[%emt 00:00:20]} Ne5+
{[%clk 00:02:55]} {[%emt 00:00:26]} 45. Kc2 {[%clk 00:02:11]} {[%emt 00:00:22]}
Ke6 {[%clk 00:03:07]} {[%emt 00:00:18]} 46. f7 {[%clk 00:02:13]} {[%emt
00:00:29]} Kxf7 {[%clk 00:03:29]} {[%emt 00:00:08]} 47. Rxa5 {[%clk 00:02:33]}
{[%emt 00:00:10]} Nf3 {[%clk 00:03:49]} {[%emt 00:00:10]} 48. Kd3 {[%clk
00:02:16]} {[%emt 00:00:47]} Kg6 {[%clk 00:03:52]} {[%emt 00:00:27]} 49. Ke3
{[%clk 00:02:01]} {[%emt 00:00:45]} Nxh2 {[%clk 00:03:52]} {[%emt 00:00:30]} 50.
Kf4 {[%clk 00:02:03]} {[%emt 00:00:28]} h5 {[%clk 00:04:15]} {[%emt 00:00:07]}
51. Ra6+ {[%clk 00:02:19]} {[%emt 00:00:13]} Kg7 {[%clk 00:03:53]} {[%emt
00:00:53]} 52. Kg5 {[%clk 00:01:01]} {[%emt 00:01:48]} g3 {[%clk 00:03:20]}
{[%emt 00:01:03]} 53. Kxh5 {[%clk 00:01:26]} {[%emt 00:00:05]} Kf7 {[%clk
00:03:26]} {[%emt 00:00:24]} 54. Ra2 {[%clk 00:01:07]} {[%emt 00:00:49]} b3
{[%clk 00:02:34]} {[%emt 00:01:22]} 55. Rb2 {[%clk 00:00:49]} {[%emt 00:00:47]}
Nf1 {[%clk 00:02:36]} {[%emt 00:00:28]} 56. Kh4 {[%clk 00:01:04]} {[%emt
00:00:15]} g2 {[%clk 00:00:47]} {[%emt 00:02:19]} 57. Rxg2 {[%clk 00:01:30]}
{[%emt 00:00:05]} Ne3 {[%clk 00:01:09]} {[%emt 00:00:07]} 58. Rb2 {[%clk
00:01:43]} {[%emt 00:00:17]} Nf5+ {[%clk 00:01:26]} {[%emt 00:00:14]} 59. Kg5
{[%clk 00:01:57]} {[%emt 00:00:15]} Nd4 {[%clk 00:01:24]} {[%emt 00:00:33]} 60.
Kf4 {[%clk 00:01:42]} {[%emt 00:00:45]} Kf6 {[%clk 00:00:46]} {[%emt 00:01:07]}
61. Ke4 {[%clk 00:01:19]} {[%emt 00:00:54]} Ne6 {[%clk 00:01:12]} {[%emt
00:00:04]} 62. Kd5 {[%clk 00:01:27]} {[%emt 00:00:21]} Nf4+ {[%clk 00:01:30]}
{[%emt 00:00:12]} 63. Kd4 {[%clk 00:01:35]} {[%emt 00:00:22]} Ne6+ {[%clk
00:01:45]} {[%emt 00:00:15]} 64. Kc4 {[%clk 00:01:20]} {[%emt 00:00:46]} Ke5
{[%clk 00:02:04]} {[%emt 00:00:11]} 65. Rxb3 {[%clk 00:01:28]} {[%emt
00:00:22]} Nf4 {[%clk 00:01:52]} {[%emt 00:00:42]} 66. Re3+ {[%clk 00:01:38]}
{[%emt 00:00:20]} Kf5 {[%clk 00:02:14]} {[%emt 00:00:08]} 67. Re1 {[%clk
00:01:43]} {[%emt 00:00:24]} Ng2 {[%clk 00:01:55]} {[%emt 00:00:50]} 68. Re8
{[%clk 00:01:50]} {[%emt 00:00:22]} Nf4 {[%clk 00:02:05]} {[%emt 00:00:21]} 69.
Kd4 {[%clk 00:02:01]} {[%emt 00:00:19]} Ne6+ {[%clk 00:02:24]} {[%emt
00:00:10]} 70. Ke3 {[%clk 00:01:50]} {[%emt 00:00:41]} Ke5 {[%clk 00:02:46]}
{[%emt 00:00:08]} 71. Ra8 {[%clk 00:01:49]} {[%emt 00:00:31]} Nc5 {[%clk
00:02:21]} {[%emt 00:00:56]} 72. Rh8 {[%clk 00:01:46]} {[%emt 00:00:34]} Ne6
{[%clk 00:02:18]} {[%emt 00:00:32]} 73. Re8 {[%clk 00:01:30]} {[%emt 00:00:47]}
Kd5 {[%clk 00:02:41]} {[%emt 00:00:06]} 74. Rxe6 {[%clk 00:01:49]} {[%emt
00:00:11]} Kxe6 {[%clk 00:03:07]} {[%emt 00:00:03]} 1/2-1/2

[Event "Elite Hotels Open 2025"]
[Site "Elite Stadshotellet, Växjö, Sweden"]
[Date "2025.02.08"]
[Round "6.12"]
[White "Trost, Martin"]
[Black "Bjorkman, Filip"]
[Result "1/2-1/2"]
[TimeControl "R1-4: 15 min + 5 sek, R5-8: 90 min + 30 sek"]
[WhiteElo "1849"]
[BlackElo "2117"]

1. e4 {[%clk 01:30:51]} {[%emt 00:00:09]} e5 {[%clk 01:30:49]} {[%emt
00:00:11]} 2. Nf3 {[%clk 01:29:19]} {[%emt 00:02:03]} Nc6 {[%clk 01:31:12]}
{[%emt 00:00:06]} 3. Bc4 {[%clk 01:27:15]} {[%emt 00:02:35]} Nf6 {[%clk
01:31:18]} {[%emt 00:00:23]} 4. d3 {[%clk 01:23:04]} {[%emt 00:04:42]} Bc5
{[%clk 01:31:31]} {[%emt 00:00:16]} 5. Nc3 {[%clk 01:17:53]} {[%emt 00:05:43]}
a6 {[%clk 01:29:22]} {[%emt 00:02:37]} 6. Be3 {[%clk 01:13:29]} {[%emt
00:04:55]} Bxe3 {[%clk 01:29:32]} {[%emt 00:00:20]} 7. fxe3 {[%emt 00:00:04]}
d6 {[%clk 01:29:50]} {[%emt 00:00:09]} 8. a3 {[%clk 01:06:50]} {[%emt
00:07:38]} O-O {[%clk 01:29:17]} {[%emt 00:01:03]} 9. Qd2 {[%clk 01:04:30]}
{[%emt 00:02:50]} Rb8 {[%clk 01:28:26]} {[%emt 00:01:20]} 10. O-O {[%clk
01:02:51]} {[%emt 00:02:10]} h6 {[%clk 01:28:38]} {[%emt 00:00:18]} 11. Rad1
{[%clk 00:51:21]} {[%emt 00:12:00]} Re8 {[%clk 01:28:58]} {[%emt 00:00:10]} 12.
Qe1 {[%clk 00:50:15]} {[%emt 00:01:36]} b5 {[%clk 01:28:38]} {[%emt 00:00:49]}
13. Bd5 {[%clk 00:37:37]} {[%emt 00:13:09]} Nxd5 {[%clk 01:28:52]} {[%emt
00:00:15]} 14. Nxd5 {[%clk 00:34:32]} {[%emt 00:03:36]} Ne7 {[%clk 01:28:57]}
{[%emt 00:00:25]} 15. Nh4 {[%clk 00:21:35]} {[%emt 00:13:27]} Be6 {[%clk
01:27:22]} {[%emt 00:02:04]} 16. Nxe7+ {[%clk 00:20:52]} {[%emt 00:01:13]} Qxe7
{[%clk 01:27:44]} {[%emt 00:00:08]} 17. Nf5 {[%clk 00:20:11]} {[%emt 00:01:12]}
Qg5 {[%clk 01:26:42]} {[%emt 00:01:31]} 18. Rf3 {[%clk 00:16:19]} {[%emt
00:04:23]} Bxf5 {[%clk 01:18:17]} {[%emt 00:08:55]} 19. Rxf5 {[%clk 00:16:37]}
{[%emt 00:00:12]} Qg6 {[%clk 01:18:31]} {[%emt 00:00:16]} 20. Qh4 {[%clk
00:14:34]} {[%emt 00:02:33]} Qe6 {[%clk 01:10:44]} {[%emt 00:08:16]} 21. Rdf1
{[%clk 00:14:11]} {[%emt 00:00:54]} f6 {[%clk 01:11:07]} {[%emt 00:00:07]} 22.
Rxf6 {[%clk 00:10:30]} {[%emt 00:04:11]} Qd7 {[%clk 00:50:44]} {[%emt
00:20:53]} 23. Qg3 {[%clk 00:08:32]} {[%emt 00:02:27]} Re6 {[%clk 00:49:07]}
{[%emt 00:02:07]} 24. Qg6 {[%clk 00:01:45]} {[%emt 00:07:17]} Rxf6 {[%clk
00:45:53]} {[%emt 00:03:44]} 25. Rxf6 {[%clk 00:02:14]} {[%emt 00:00:02]} Rf8
{[%clk 00:45:59]} {[%emt 00:00:23]} 26. Rxf8+ {[%clk 00:02:21]} {[%emt
00:00:24]} Kxf8 {[%clk 00:46:28]} 27. Qf5+ {[%clk 00:02:34]} {[%emt 00:00:17]}
Ke8 {[%clk 00:45:50]} {[%emt 00:01:07]} 28. d4 {[%clk 00:01:27]} {[%emt
00:01:38]} Qe7 {[%clk 00:40:20]} {[%emt 00:05:59]} 29. g3 {[%clk 00:01:53]}
{[%emt 00:00:06]} Kd8 {[%clk 00:40:34]} {[%emt 00:00:15]} 30. h4 {[%clk
00:02:02]} {[%emt 00:00:21]} c6 {[%clk 00:39:34]} {[%emt 00:01:29]} 31. Kg2
{[%clk 00:02:14]} {[%emt 00:00:19]} Kc7 {[%clk 00:35:28]} {[%emt 00:04:36]} 32.
Kh3 {[%clk 00:02:33]} {[%emt 00:00:12]} Qe8 {[%clk 00:33:44]} {[%emt 00:02:12]}
33. g4 {[%clk 00:02:41]} {[%emt 00:00:22]} g6 {[%clk 00:31:44]} {[%emt
00:02:31]} 34. Qf3 {[%clk 00:03:10]} Qe7 {[%clk 00:31:49]} {[%emt 00:00:25]} 35.
b3 {[%clk 00:03:11]} {[%emt 00:00:30]} Kb6 {[%clk 00:31:09]} {[%emt 00:01:10]}
36. Kg3 {[%clk 00:03:18]} {[%emt 00:00:23]} a5 {[%clk 00:24:24]} {[%emt
00:07:14]} 37. c4 {[%clk 00:03:09]} {[%emt 00:00:40]} b4 {[%clk 00:18:54]}
{[%emt 00:06:00]} 38. a4 {[%clk 00:03:14]} {[%emt 00:00:24]} c5 {[%clk
00:19:09]} {[%emt 00:00:15]} 39. d5 {[%clk 00:01:30]} {[%emt 00:02:14]} Kc7
{[%clk 00:19:29]} {[%emt 00:00:09]} 40. Kh3 {[%clk 00:01:48]} {[%emt 00:00:14]}
Kd7 {[%clk 00:19:43]} {[%emt 00:00:15]} 41. h5 {[%clk 00:01:08]} {[%emt
00:01:10]} g5 {[%clk 00:17:27]} {[%emt 00:02:46]} 42. Qf5+ {[%clk 00:01:26]}
{[%emt 00:00:13]} Ke8 {[%clk 00:13:30]} {[%emt 00:04:26]} 43. Kg3 {[%clk
00:00:56]} {[%emt 00:01:01]} Kd8 {[%clk 00:07:09]} {[%emt 00:06:50]} 44. Kg2
{[%clk 00:00:54]} {[%emt 00:00:33]} Qd7 {[%clk 00:07:13]} {[%emt 00:00:26]} 45.
Qf8+ {[%clk 00:01:16]} {[%emt 00:00:07]} Kc7 {[%clk 00:07:30]} {[%emt
00:00:13]} 46. Kg3 {[%clk 00:01:38]} {[%emt 00:00:09]} Qh7 {[%clk 00:07:52]}
{[%emt 00:00:07]} 47. Kf3 {[%clk 00:01:10]} {[%emt 00:00:59]} Kd7 {[%clk
00:07:43]} {[%emt 00:00:39]} 48. Qa8 {[%clk 00:00:39]} {[%emt 00:01:01]} Qf7+
{[%clk 00:07:28]} {[%emt 00:00:45]} 49. Ke2 {[%clk 00:01:08]} Qe8 {[%clk
00:06:11]} {[%emt 00:01:47]} 50. Qa7+ {[%clk 00:01:18]} {[%emt 00:00:20]} Kc8
{[%clk 00:06:25]} {[%emt 00:00:16]} 51. Qa8+ {[%clk 00:01:18]} {[%emt
00:00:30]} Kd7 {[%clk 00:06:48]} {[%emt 00:00:07]} 52. Qxa5 {[%clk 00:01:39]}
{[%emt 00:00:09]} Qc8 {[%clk 00:06:24]} {[%emt 00:00:54]} 53. Kf3 {[%clk
00:01:11]} {[%emt 00:00:58]} Qf8+ {[%clk 00:06:48]} {[%emt 00:00:06]} 54. Kg2
{[%clk 00:01:21]} {[%emt 00:00:20]} Qc8 {[%clk 00:05:53]} {[%emt 00:01:25]} 55.
Kg3 {[%clk 00:01:50]} Qb7 {[%clk 00:05:33]} {[%emt 00:00:49]} 56. Kf3 {[%clk
00:01:20]} {[%emt 00:01:01]} Kc8 {[%clk 00:05:52]} {[%emt 00:00:10]} 57. Ke2
{[%clk 00:01:11]} {[%emt 00:00:40]} Kd7 {[%clk 00:05:59]} {[%emt 00:00:23]} 58.
Kd3 {[%clk 00:01:30]} {[%emt 00:00:11]} Kc8 {[%clk 00:06:22]} {[%emt 00:00:07]}
59. Ke2 {[%clk 00:00:44]} {[%emt 00:01:16]} Kd7 {[%clk 00:05:44]} {[%emt
00:01:07]} 60. Kd3 {[%clk 00:00:50]} {[%emt 00:00:24]} Kc8 {[%clk 00:06:05]}
{[%emt 00:00:10]} 61. Qb5 {[%clk 00:00:44]} {[%emt 00:00:36]} Qxb5 {[%clk
00:06:26]} {[%emt 00:00:08]} 62. cxb5 {[%clk 00:01:01]} {[%emt 00:00:14]} Kb7
{[%clk 00:06:50]} {[%emt 00:00:05]} 63. a5 {[%clk 00:00:59]} {[%emt 00:00:33]}
Ka7 {[%clk 00:07:14]} {[%emt 00:00:05]} 64. Kc4 {[%clk 00:01:25]} {[%emt
00:00:04]} Kb7 {[%clk 00:07:40]} {[%emt 00:00:04]} 65. Kd3 {[%clk 00:01:42]}
{[%emt 00:00:14]} Ka7 {[%clk 00:08:05]} {[%emt 00:00:04]} 66. Kc2 {[%clk
00:02:11]} Kb7 {[%clk 00:08:28]} {[%emt 00:00:08]} 67. Kd2 {[%clk 00:02:41]}
Ka7 {[%clk 00:08:52]} {[%emt 00:00:06]} 68. Ke2 {[%clk 00:03:10]} {[%emt
00:00:02]} Kb7 {[%clk 00:09:15]} {[%emt 00:00:06]} 69. Kd2 {[%clk 00:03:39]}
Ka7 {[%clk 00:09:39]} {[%emt 00:00:06]} 70. Kd3 {[%clk 00:01:17]} {[%emt
00:02:52]} Kb7 {[%clk 00:10:02]} {[%emt 00:00:06]} 71. Kc4 {[%clk 00:01:01]}
{[%emt 00:00:46]} 1/2-1/2

[Event "Elite Hotels Open 2025"]
[Site "Elite Stadshotellet, Växjö, Sweden"]
[Date "2025.02.08"]
[Round "6.13"]
[White "Joensson, Oscar"]
[Black "Medhus, Vitus Bondo"]
[Result "0-1"]
[TimeControl "R1-4: 15 min + 5 sek, R5-8: 90 min + 30 sek"]
[BlackTitle "FM"]
[WhiteElo "2022"]
[BlackElo "2261"]

1. d4 {[%clk 01:30:57]} {[%emt 00:00:02]} d5 {[%clk 01:30:55]} {[%emt
00:00:05]} 2. c4 {[%clk 01:31:24]} {[%emt 00:00:05]} e6 {[%clk 01:31:17]}
{[%emt 00:00:07]} 3. Nf3 {[%clk 01:31:49]} {[%emt 00:00:05]} Nf6 {[%clk
01:31:39]} {[%emt 00:00:08]} 4. g3 {[%clk 01:32:15]} {[%emt 00:00:04]} dxc4
{[%clk 01:27:58]} {[%emt 00:04:11]} 5. Bg2 {[%clk 01:32:32]} {[%emt 00:00:13]}
c6 {[%clk 01:24:43]} {[%emt 00:03:45]} 6. Ne5 {[%clk 01:26:07]} {[%emt
00:06:55]} b5 {[%clk 01:18:59]} {[%emt 00:06:14]} 7. O-O {[%clk 01:19:51]}
{[%emt 00:06:47]} Nd5 {[%clk 01:15:04]} {[%emt 00:04:24]} 8. e4 {[%clk
01:11:47]} {[%emt 00:08:34]} Nf6 {[%clk 01:15:02]} {[%emt 00:00:32]} 9. a4
{[%clk 01:08:31]} {[%emt 00:03:46]} Be7 {[%clk 01:04:14]} {[%emt 00:11:18]} 10.
b3 {[%clk 01:02:10]} {[%emt 00:06:51]} cxb3 {[%clk 01:03:14]} {[%emt 00:01:31]}
11. axb5 {[%clk 00:56:06]} {[%emt 00:06:33]} cxb5 {[%clk 01:02:36]} {[%emt
00:01:08]} 12. Qxb3 {[%clk 00:56:29]} {[%emt 00:00:07]} a6 {[%clk 01:01:26]}
{[%emt 00:01:40]} 13. Rd1 {[%clk 00:55:22]} {[%emt 00:01:37]} O-O {[%clk
01:01:10]} {[%emt 00:00:46]} 14. Nc3 {[%clk 00:52:07]} {[%emt 00:03:44]} Bb7
{[%clk 00:59:57]} {[%emt 00:01:43]} 15. d5 {[%clk 00:43:10]} {[%emt 00:09:28]}
exd5 {[%clk 00:59:47]} {[%emt 00:00:41]} 16. exd5 {[%clk 00:43:33]} {[%emt
00:00:06]} Bd6 {[%clk 00:59:43]} {[%emt 00:00:34]} 17. Nc4 {[%clk 00:43:30]}
{[%emt 00:00:32]} Bc5 {[%clk 00:55:07]} {[%emt 00:05:06]} 18. h3 {[%clk
00:18:41]} {[%emt 00:25:21]} Nbd7 {[%clk 00:54:05]} {[%emt 00:01:31]} 19. Na5
{[%clk 00:17:11]} {[%emt 00:02:01]} Qb6 {[%clk 00:51:39]} {[%emt 00:02:56]} 20.
Rd2 {[%clk 00:13:51]} {[%emt 00:03:49]} Rae8 {[%clk 00:50:48]} {[%emt
00:01:21]} 21. Bb2 {[%clk 00:12:16]} {[%emt 00:02:04]} Ba8 {[%clk 00:49:06]}
{[%emt 00:02:12]} 22. Nc6 {[%clk 00:12:13]} {[%emt 00:00:33]} Bd6 {[%clk
00:48:15]} {[%emt 00:01:22]} 23. Kh2 {[%clk 00:05:58]} {[%emt 00:06:45]} h5
{[%clk 00:44:58]} {[%emt 00:03:47]} 24. Ba3 {[%clk 00:04:09]} {[%emt 00:02:19]}
Nc5 {[%clk 00:44:36]} {[%emt 00:00:52]} 25. Qa2 {[%clk 00:04:32]} {[%emt
00:00:07]} h4 {[%clk 00:44:34]} {[%emt 00:00:32]} 26. Bb4 {[%clk 00:00:42]}
{[%emt 00:04:20]} hxg3+ {[%clk 00:42:35]} {[%emt 00:02:30]} 27. fxg3 {[%clk
00:01:07]} {[%emt 00:00:05]} Re3 {[%clk 00:42:40]} {[%emt 00:00:24]} 28. Ne2
{[%clk 00:01:02]} {[%emt 00:00:34]} Nh5 {[%clk 00:40:50]} {[%emt 00:02:20]} 29.
Bxc5 {[%clk 00:00:46]} {[%emt 00:00:47]} Qxc5 {[%clk 00:41:13]} {[%emt
00:00:07]} 30. Qxa6 {[%clk 00:01:04]} {[%emt 00:00:12]} Nxg3 {[%clk 00:35:20]}
{[%emt 00:06:23]} 31. Nxg3 {[%clk 00:01:26]} {[%emt 00:00:07]} Rxg3 {[%clk
00:35:45]} {[%emt 00:00:06]} 32. Kh1 {[%clk 00:01:39]} {[%emt 00:00:17]} Qe3
{[%clk 00:34:47]} {[%emt 00:01:28]} 33. Qa2 {[%clk 00:01:39]} {[%emt 00:00:29]}
Re8 {[%clk 00:34:41]} {[%emt 00:00:37]} 34. Rg1 {[%clk 00:00:33]} {[%emt
00:01:35]} Rg6 {[%clk 00:33:28]} {[%emt 00:01:44]} 35. Nd4 {[%clk 00:00:37]}
{[%emt 00:00:26]} Qf4 {[%clk 00:32:57]} {[%emt 00:01:01]} 36. Nf3 {[%clk
00:00:33]} {[%emt 00:00:34]} Rxg2 {[%clk 00:32:41]} {[%emt 00:00:46]} 37. Kxg2
{[%clk 00:00:34]} {[%emt 00:00:29]} Qg3+ {[%clk 00:33:03]} {[%emt 00:00:08]} 38.
Kh1 {[%clk 00:00:54]} {[%emt 00:00:11]} Qxf3+ {[%clk 00:33:24]} {[%emt
00:00:08]} 39. Rdg2 {[%clk 00:01:14]} {[%emt 00:00:09]} Bxd5 {[%clk 00:33:33]}
{[%emt 00:00:22]} 0-1